000 00690nam a2200229 i 4500
005 20160123110621.0
008 140113s1995 fr ||||| |||| 00| 0 spa d
020 _a2950748651
040 _aCO-BoIAVH
_cCO-BoIAVH
041 _afre
044 _afr
082 0 4 _a363.72
_bD29d
245 0 4 _aLes dechets industriels banals :
_bcontrainte ou atout de compétitivité pour les entreprises de midi-pyrénées
260 _aParís :
_bArpe Midi-Pyrénées,
_c1995.
300 _a64 páginas
650 1 4 _aResiduos
650 2 4 _aResiduos industriales
650 2 4 _aPolítica ambiental
650 2 4 _aGestión ambiental
662 _aFrancia
942 _cLIBRO
_2ddc
999 _c55
_d55